Bibliotheque historique général (Registro nro. 35934)

Detalles MARC
000 -LEADER
campo de control de longitud fija 00612nam a2200181 i 4500
001 - NÚMERO DE CONTROL
campo de control 35934
003 - IDENTIFICADOR DE NÚMERO DE CONTROL
campo de control ES-MaACL
005 - FECHA Y HORA DE LA ÚLTIMA TRANSACCIÓN
campo de control 20230906155241.0
007 - CAMPO FIJO DE DESCRIPCIÓN FÍSICA--INFORMACIÓN GENERAL
campo de control de longitud fija t|
008 - DATOS DE LONGITUD FIJA--INFORMACIÓN GENERAL
campo de control de longitud fija 030214s1942 fr ||||1| fre d
100 1# - ENTRADA PRINCIPAL--NOMBRE DE PERSONA
Nombre de persona Brémond, Edouard.
9 (RLIN) 31570
245 10 - MENCIÓN DEL TÍTULO
Título Bibliotheque historique général
Resto del título : Berberes et arabes. La Berberú est un pays européen /
Mención de responsabilidad, etc. Edouard Brémond ; avec quatre croquis.
260 ## - PUBLICACIÓN, DISTRIBUCIÓN, ETC.
Lugar de publicación, distribución, etc. Paris :
Nombre del editor, distribuidor, etc. Payot,
Fecha de publicación, distribución, etc. 1942 (
Lugar de fabricación/manufactura Mayenne :
Fabricante Floch)
300 ## - DESCRIPCIÓN FÍSICA
Extensión 392 p. ;
Dimensiones 23 cm.
740 0# - ENTRADA AGREGADA--TÍTULO RELACIONADO/ANALÍTICO NO CONTROLADO
Título relacionado o analítico no controlado Berberes et arabes.
740 3# - ENTRADA AGREGADA--TÍTULO RELACIONADO/ANALÍTICO NO CONTROLADO
Título relacionado o analítico no controlado La berberú est un pays européen.
852 ## - LOCALIZACIÓN
Ubicación ES-MaACL
Número de control de estantería F-16130
Sublocalización o colección R.20856
Existencias
Estatus retirado Estado de pérdida Estado de daño No para préstamo Biblioteca de origen Biblioteca actual Ubicación en estantería Fecha de adquisición Fuente de adquisición Total de préstamos Signatura topográfica completa Código de barras Visto por última vez Precio de reemplazo Tipo de ítem Koha
        Biblioteca del Ateneo de Madrid Biblioteca del Ateneo de Madrid Sala Pecera Planta 2 17/01/2008     F-16130 1037669 23/02/2023 23/02/2023 Libro impreso